000 00635nam a2200253Ia 4500
003 OSt
005 20220912152432.0
006 a|||||r|||| 00| 0
007 ta
008 220909b |||||||| |||| 00| 0 eng d
024 _a47786
037 _cTextual
040 _aCSL
_beng
_cCSL
041 _aeng
082 _aG91un1,N69, K9.3A
100 _aNorris J R Ed.
245 0 _aMethods in microbiology
260 _c1969
300 _ap.
_ccm.
650 _aMicrobiology
700 _a Ribbons D W Ed.
942 _hG91un1,N69, K9.3A
_cTEXL
_2CC
999 _c85917
_d85917